| 000 | 01085nam a22002417a 4500 | ||
|---|---|---|---|
| 999 |
_c15770 _d15770 |
||
| 003 | MIRAKIL | ||
| 005 | 20240322164237.0 | ||
| 008 | 240322b tu ||||| |||| 00| 0 tur d | ||
| 020 | _a9789751741974 | ||
| 040 |
_aTR-AnCHP _cTR-AnCHP |
||
| 041 | _atur | ||
| 082 |
_a427.4 _bM29 2019 |
||
| 245 | 1 | 0 |
_aUygurca metinler II : _bmaytrısimit : Burkancıların Mehdîsi Maitreya ile buluşma Uygurca iptidaî bir dram : (Burkancılığın Vaibhasika tarikatine ait bir eserin Uygurcası) / _c[hazırlayan] Şinasi Tekin |
| 246 |
_aMaytrısimit : _iBurkancıların Mehdîsi Maitreya ile buluşma Uygurca iptidaî bir dram |
||
| 246 | _aBurkancılığın Vaibhasika tarikatine ait bir eserin Uygurcası | ||
| 260 |
_aAnkara : _bTürk Dil Kurumu, _c2019 |
||
| 300 |
_axvi, 598 s. ; _c24 cm. |
||
| 490 | 0 |
_aAtatürk Kültür, Dil ve Tarih Yüksek Kurumu Türk Dil Kurumu yayınları ; _v1283. |
|
| 504 | _aKaynakça: xiii-xvi. ss. | ||
| 650 | 0 |
_97738 _aUygur edebiyatı |
|
| 856 | _zDijital Nüshası için Partimizin Kütüphane Sorumlusu ile iletişime geçiniz. | ||
| 942 |
_2ddc _cBKS |
||